Wrestlemania 40 matchcard - Statistics

General Stats
  • This quiz has been taken 11 times
  • The average score is 39 of 51
Answer Stats
Hint Answer % Correct
Womens World Title Match Rhea Ripley
100%
Undisputed Tag Team Title Ladder Match Austin Theory
90%
WWE Womens Title Match Bayley
90%
Womens World Title Match Becky Lynch
90%
Tag Team Match Bianca Belair
90%
Tag Team Match Cody Rhodes
90%
Undisputed Title Match Cody Rhodes
90%
Tag Team Match Dakota Kai
90%
Undisputed Tag Team Title Ladder Match Damien Priest
90%
World Heavyweights Title Match (Cash-in) Damien Priest
90%
World Heavyweights Title Match Drew McIntyre
90%
World Heavyweights Title Match (Cash-in) Drew McIntyre
90%
Undisputed Tag Team Title Ladder Match Finn Balor
90%
Undisputed Tag Team Title Ladder Match Grayson Waller
90%
IC Title Match Gunther
90%
WWE Womens Title Match Iyo Sky
90%
Tag Team Match Kairi Sane
90%
US Title Match Kevin Owens
90%
Tag Team Match Naomi
90%
Tag Team Match Roman Reigns
90%
Undisputed Title Match Roman Reigns
90%
Undisputed Tag Team Title Ladder Match R-Truth
90%
Tag Team Match Seth Rollins
90%
World Heavyweights Title Match Seth Rollins
90%
Tag Team Match The Rock
90%
Tag Team Match Asuka
80%
Philadelphia Street Fight Bobby Lashley
80%
Tag Team Match Jade Cargill
80%
Singles Match Jey Uso
80%
Singles Match Jimmy Uso
80%
US Title Match Logan Paul
80%
IC Title Match Sami Zayn
80%
Undisputed Tag Team Title Ladder Match The Miz
80%
Philadelphia Street Fight Angelo Dawkins
70%
Undisputed Tag Team Title Ladder Match Kofi Kingston
70%
Singles Match LA Knight
70%
Philadelphia Street Fight Montez Ford
70%
US Title Match Randy Orton
70%
Undisputed Tag Team Title Ladder Match Xavier Woods
70%
Singles Match AJ Styles
60%
Tag Team Match Dominik Mysterio
60%
Philadelphia Street Fight Karrion Kross
60%
Tag Team Match Rey Mysterio
60%
Tag Team Match Santos Escobar
60%
Tag Team Match Andrade
50%
Undisputed Tag Team Title Ladder Match Johnny Gargano
50%
Undisputed Tag Team Title Ladder Match Pete Dunne
50%
Philadelphia Street Fight Rezar
50%
Undisputed Tag Team Title Ladder Match Tommaso Ciampa
50%
Undisputed Tag Team Title Ladder Match Tyler Bate
40%
Philadelphia Street Fight Akem
30%
No matching quizzes found
Score Distribution
Percent of People with Each Score
Percentile by Number Answered
Your Score History
You have not taken this quiz